Paz prensa /
El documento consta de un compendio de noticias publicadas en diferentes periódicos de América Latina, en el que se aborda el tema de la paz y de los conflictos armados.
שמור ב:
| מחבר תאגידי: | |
|---|---|
| פורמט: | Texto |
| שפה: | Spanish |
| יצא לאור: |
Santiago:
Instituto Latinoamericano de Estudios Transnacionales
1987
|
| נושאים: | |
| תגים: |
הוספת תג
אין תגיות, היה/י הראשונ/ה לתייג את הרשומה!
|
MARC
| LEADER | 00000 a a2200000 04500 | ||
|---|---|---|---|
| 001 | 38645 | ||
| 003 | cru CIDCAS/IIS | ||
| 005 | 20230328111311.0 | ||
| 008 | 220711b1987 cr ||||| |||| 00| 0 spa d | ||
| 040 | |c cru IIS | ||
| 090 | |a 01.02.06 I59p | ||
| 110 | 2 | |9 9522 |a Instituto Latinoamericano de Estudios Transnacionales. Unidad de Documentación para Prensa Alternativa |e Compilador | |
| 245 | |a Paz prensa / |c Instituto Latinoamericano de Estudios Transnacionales | ||
| 260 | |a Santiago: |b Instituto Latinoamericano de Estudios Transnacionales |c 1987 | ||
| 300 | |a 50 p. | ||
| 500 | |a Fotocopias de artículos de prensa | ||
| 520 | |a El documento consta de un compendio de noticias publicadas en diferentes periódicos de América Latina, en el que se aborda el tema de la paz y de los conflictos armados. | ||
| 650 | |a ARMAS | ||
| 650 | |a POBREZA | ||
| 650 | |a ECONOMIA | ||
| 650 | 0 | |a PAZ |9 138 | |
| 651 | 0 | |9 17 |a AMERICA LATINA | |
| 942 | |2 ddc |c LI | ||
| 999 | |c 11142 |d 11142 | ||
